Database system concepts (Record no. 489)

000 -LEADER
fixed length control field 00571nam a22002297a 4500
001 - CONTROL NUMBER
control field 489
003 - CONTROL NUMBER IDENTIFIER
control field BD-DhUET
008 - FIXED-LENGTH DATA ELEMENTS--GENERAL INFORMATION
fixed length control field 140722b xxu||||| |||| 00| 0 eng d
020 ## - INTERNATIONAL STANDARD BOOK NUMBER
International Standard Book Number 007124476X
040 ## - CATALOGING SOURCE
Transcribing agency 0
Modifying agency BD-DhUET
082 ## - DEWEY DECIMAL CLASSIFICATION NUMBER
Classification number 005.74
Item number SIL/2006
100 ## - MAIN ENTRY--PERSONAL NAME
Personal name Silberschatz, Abraham
245 ## - TITLE STATEMENT
Title Database system concepts
250 ## - EDITION STATEMENT
Edition statement 5th ed.
260 ## - PUBLICATION, DISTRIBUTION, ETC. (IMPRINT)
Place of publication, distribution, etc. Boston
Name of publisher, distributor, etc. McGraw-Hill
Date of publication, distribution, etc. 2006
300 ## - PHYSICAL DESCRIPTION
Extent xxvi,1142p.
Other physical details ill.
504 ## - BIBLIOGRAPHY, ETC. NOTE
Bibliography, etc Includes bibliographies
650 #0 - SUBJECT ADDED ENTRY--TOPICAL TERM
Topical term or geographic name as entry element Database management
700 ## - ADDED ENTRY--PERSONAL NAME
Personal name Korth, Henry F.
700 ## - ADDED ENTRY--PERSONAL NAME
Personal name Sudarshan, S.
942 ## - ADDED ENTRY ELEMENTS (KOHA)
Koha item type General Book
Holdings
Shelving location Piece designation (barcode) Sublocation or collection (holding branch) Lost status Koha issues (times borrowed) Damaged status Koha item type Koha date last borrowed Koha full call number Date acquired Withdrawn status Koha date last seen Koha renewals Copy number Price effective from Koha normalized classification for sorting Source of classification or shelving scheme Location (home branch) Not for loan
Circulation section103320Central Library, BUET   General Book 007.74/SIL/20062014-07-22 2014-07-22 12014-07-22007_000000000000000_74SIL2006 Central Library, BUET 
Circulation section103321Central Library, BUET   General Book 007.74/SIL/20062014-07-22 2016-12-24222014-07-22007_000000000000000_74SIL2006 Central Library, BUET 
Circulation section103322Central Library, BUET   General Book 005.74 SIL/20062014-08-25 2014-08-25 32014-08-25005_740000000000000_SIL2006 Central Library, BUET 
Circulation section103323Central Library, BUET 1 General Book2021-12-04005.74/SIL/20062014-08-25 2021-12-18 42014-08-25005_000000000000000_74SIL2006 Central Library, BUET 
Circulation section103324Central Library, BUET   General Book 005.74/SIL/20062014-08-25 2014-08-25 52014-08-25005_000000000000000_74SIL2006 Central Library, BUET 
Circulation section103325Central Library, BUET   General Book 005.74/SIL/20062014-08-25 2014-08-25 62014-08-25005_740000000000000_SIL_2006 Central Library, BUET 
Circulation section103326Central Library, BUET 1 General Book2017-07-01005.74/SIL/20062014-08-25 2017-07-16 72014-08-25005_740000000000000_SIL_2006 Central Library, BUET 
Circulation section103327Central Library, BUET   General Book 005.74/SIL/20062014-08-25 2014-08-25 82014-08-25005_000000000000000_74SIL2006 Central Library, BUET 
Circulation section103328Central Library, BUET   General Book 005.74/SIL/20062014-08-25 2014-08-25 92014-08-25005_000000000000000_74SIL2006 Central Library, BUET 
Circulation section103329Central Library, BUET   General Book 005.74/SIL/20062014-08-25 2014-08-25 102014-08-25005_000000000000000_74SIL2006 Central Library, BUET 
Reading section102172Central Library, BUET   Reading Item 005.74/SIL/20062015-06-09 2015-06-09 112015-06-09005_740000000000000_SIL_2006 Central Library, BUET 
Reading section102554Central Library, BUET   Reading Item 005.74/SIL/20062015-06-09 2015-06-09 122015-06-09005_740000000000000_SIL_2006 Central Library, BUET